|
|
|
|
| LEADER |
01029nam a22002657a 4500 |
| 001 |
30974 |
| 003 |
BD-DhAAL |
| 005 |
20160405104457.0 |
| 008 |
160405s2013 bg ||||| b||| 00| 0 eng d |
| 020 |
|
|
|a 9789843366924
|
| 040 |
|
|
|a BD-DhAAL
|c BD-DhAAL
|
| 082 |
|
|
|2 23
|a 658.4
|
| 245 |
|
|
|a Governance at crossroads :
|b insights from Bangladesh /
|c Editors, Salahuddin M. Aminuzzaman, Rizwan Khair and Ipshita Basu
|
| 260 |
|
|
|a Dhaka :
|b Institute of Governance Studies, BRAC University,
|c 2013
|
| 300 |
|
|
|a 304 pages :
|b illustrations ;
|c 23 cm.
|
| 504 |
|
|
|a Includes bibliographical references.
|
| 541 |
|
|
|a 30974
|
| 650 |
|
|
|a Corporate governance
|9 19012
|
| 700 |
|
|
|a Aminuzzaman, Salahuddin M.
|9 19013
|
| 700 |
|
|
|a Khair, Rizwan
|9 19014
|
| 700 |
|
|
|a Basu, Ipshita
|9 19015
|
| 852 |
|
|
|a Ayesha Abed Library
|c General Stacks
|
| 942 |
|
|
|2 ddc
|c BK
|
| 999 |
|
|
|c 37398
|d 37398
|
| 952 |
|
|
|0 0
|1 0
|2 ddc
|4 0
|6 658_400000000000000_GOV
|7 0
|9 58726
|a BRACUL
|b BRACUL
|c GEN
|d 2016-04-05
|e BIGD
|g 500.00
|l 0
|o 658.4 GOV
|p 3010030974
|r 2016-04-05
|t 1
|w 2016-04-05
|y BK
|